000 00306nam a22001337a 4500
008 170301b xxu||||| |||| 00| 0 eng d
020 _a9780323039383
041 _aeng
080 _24 ED
_a61
100 _a6
101 _aSHM
245 _aDECISION MAKING IN ANETHESSIOOLOGY
_cBREADY.L.L
942 _2udc
_cBK
999 _c6523
_d6523